|
|
|
|
| LEADER |
00000nab a2200000ua 4500 |
| 001 |
vtls010781309 |
| 003 |
SK-MaSNL |
| 005 |
20260304025316.0 |
| 008 |
230131s1965 xo |||||||||||||||||slo| |
| 035 |
|
|
|a (urnnbn)urn:nbn:sk:snk:ar-a0044h
|
| 035 |
|
|
|a (uuid)e3ba4bbd-0a9d-4be5-b1e9-990a01e7d4c2
|
| 035 |
|
|
|a urn:nbn:sk:snk-ab50bo
|
| 040 |
|
|
|a SNKBUCL
|b slo
|c SNKBUCL
|e AACR2
|
| 041 |
0 |
|
|a slo
|
| 044 |
|
|
|a xo
|c SK
|
| 100 |
1 |
|
|a Jančí, Juraj Miroslav,
|d 1918-1999
|4 aut
|9 49155
|
| 245 |
1 |
0 |
|a Aj prácu v ZO treba plánovať
|c J. Jančí
|
| 773 |
0 |
|
|t Včelár : odborný časopis Povereníctva poľnohospodárstva a lesného hospodárstva a Ústredia včelárskych združení na Slovensku
|g Roč. 39, č. 1 (1965), s. 19
|
| 954 |
|
|
|a odborná, vedecká literatúra pôvodná (slovenská)
|2 lita
|
| 958 |
|
|
|a OND
|
| 958 |
|
|
|a EUIPO
|
| 958 |
|
|
|a article3
|
| 999 |
|
|
|c 2626521
|d 2628451
|